000 00727cam a2200229 4500
001 WB3543-24
008 000000n1999 000 0 eng u
035 _a(Sirsi) u101390
245 _aSoundproofing decision
260 _c1999
490 _aEstates Gazette
_v(9943) 30 October 1999, 151(1)
520 _aThe House of Lords has ruled that Southwark & Camden councils cannot be made to pay for soundproofing council flats. The decision saves local authorities millions.
590 _aWB
650 _aLOCAL AUTHORITIES
650 _aLOCAL AUTHORITY HOUSING
650 _aCOUNCIL HOUSING
650 _aSOUNDPROOFING
650 _aCAMDEN
650 _aSOUTHWARK
690 _aBlock management
_96220
942 _n0
999 _c60534
_d60534